000 01107cab a22001935a 4500
001 L142734
008 080304s2008 xxkd f 000 0 eng d
035 _a(Sirsi) u142734
041 0 _aeng
100 1 _aBarnes, Yolande
245 0 0 _aParty time is over for residential land
260 _c2008
490 _aProperty Forecast
_v11(2) February 2008, 4-5(2)
520 _aReports on falls in the value of residential development land. Although agricultural prices are still rising, even greenfield residential sites saw small falls during the fourth quarter of 2007. Notes that this trend is expected to continue into 2008. Reports that Savills is predicting a 5% fall in greenfield values. Finds housebuilder sentiment at its lowest ebb since the mid 1990s. Predicts that as a result, developers will return to more terraced and semi detached properties. Urban land may be affected still more, with Savills predicting a fall of 12% and a return to 2001 levels.
590 _aKA
651 4 _aUnited Kingdom
_y
690 _aPROPERTY-RESIDENTIAL PROPERTY-RESIDENTIAL PROPERTY DEVELOPMENT
942 _n0
999 _c79927
_d79927